Catálogo

ADOLFO LOPEZ MATEOS (Registro nro. 29326)

Detalles MARC
000 -LEADER
fixed length control field 00408nam a2200157 a 4500
001 - CONTROL NUMBER
control field 29326
005 - DATE AND TIME OF LATEST TRANSACTION
control field 20180713232343.0
008 - FIXED-LENGTH DATA ELEMENTS--GENERAL INFORMATION
fixed length control field 140415s1993 mx 000 0 spa d
020 ## - INTERNATIONAL STANDARD BOOK NUMBER
International Standard Book Number 9684841337
041 ## - LANGUAGE CODE
Language code of text/sound track or separate title spa
082 ## - DEWEY DECIMAL CLASSIFICATION NUMBER
Classification number 920.02
Item number LOP
245 00 - TITLE STATEMENT
Title ADOLFO LOPEZ MATEOS
250 ## - EDITION STATEMENT
Edition statement 1a ed.
260 ## - PUBLICATION, DISTRIBUTION, ETC.
Place of publication, distribution, etc. MEXICO :
Name of publisher, distributor, etc. INSTITUTO MEXIQUENSE DE CULTURA,
Date of publication, distribution, etc. 1993
300 ## - PHYSICAL DESCRIPTION
Extent 219
Dimensions 14 x 2 x 20
Existencias
Withdrawn status Lost status Source of classification or shelving scheme Damaged status Not for loan Collection code Home library Current library Shelving location Date acquired Source of acquisition Total Checkouts Full call number Barcode Date last seen Price effective from Koha item type
    Dewey Decimal Classification     General Tehuacán Tehuacán Sala general 03/12/2013 Compra   920.02 LOP 503317 08/01/2025 03/12/2013 Libro